| 000 | 00589nam a2200193Ia 4500 | ||
|---|---|---|---|
| 005 | 20250923145148.0 | ||
| 008 | 008 250917s9999 xx 000 0 eng d | ||
| 037 | _aTextual | ||
| 040 |
_aDSWL _beng _cDSWL |
||
| 041 |
_aeng _2eng |
||
| 084 |
_aYXp1,N28, N69 _qDSWL |
||
| 245 | 0 | _aSocial Welfare and Human Rights - XIVth International Conference of S.W. Helseuki Finland, 1968 | |
| 260 |
_aNew York _b Columbia University Press _c1969 |
||
| 300 | _a238p. | ||
| 365 |
_aUSD _b10 |
||
| 925 | _g10 | ||
| 942 |
_cTEXL _hYXp1,N28, N69 |
||
| 999 |
_c1447910 _d1447910 |
||